| 000 | 01030nam a2200289 i 4500 | ||
|---|---|---|---|
| 001 | 184553 | ||
| 003 | ES-MaACL | ||
| 005 | 20250828090948.0 | ||
| 007 | t| | ||
| 008 | 151022s1945 sp ||||1| spa d | ||
| 080 | _a232.9 | ||
| 080 | _a396:22 | ||
| 100 | 1 |
_aKetter, Peter. _967964 |
|
| 245 | 1 | 0 |
_aFiguras femeninas en la vida de Jesús / _cPeter Ketter ; [traducido del alemán por D. Antonio Sancho]. |
| 260 |
_aMadrid : _bSociedad de Educación Atenas, _c1945. |
||
| 300 |
_a284 p. ; _c22 cm. |
||
| 490 | 1 | _aApostolado femenino | |
| 505 | 8 | _aContiene: Jesús y su Madre ; Figuras femeninas en la infancia y vida pública de Jesús... | |
| 600 | 0 | 4 |
_aJesucristo- _xBiografías. _9140032 |
| 600 | 0 | 4 |
_aJesucristo- _xActitud ante la mujer. _9157973 |
| 650 | 7 |
_aMujeres en la Biblia _2embne _915334 |
|
| 700 | 1 |
_aSancho Nebot, Antonio, _d1884-1961 _9103048 |
|
| 710 | 2 |
_aSociedad de Educación Atenas _96665 |
|
| 830 | 1 |
_aApostolado femenino _9183999 |
|
| 852 |
_aES-MaACL _jE-4127 |
||
| 999 |
_c184553 _d184553 |
||